[Event "Tatry op"]
[Site "Tatranske Zruby"]
[Date "2012.09.29"]
[Round "8"]
[White "Marko, Jan"]
[Black "Sepesi, Samuel"]
[Result "0-1"]
[WhiteElo "1761"]
[BlackElo "1918"]
[PlyCount "62"]
[EventDate "2012.09.23"]
[EventType "swiss"]
[EventRounds "9"]
[EventCountry "SVK"]
[SourceTitle "EXT 2023"]
[Source "ChessBase"]
[SourceDate "2022.10.05"]
[SourceVersion "1"]
[SourceVersionDate "2022.10.05"]
[SourceQuality "1"]

1. d4 Nf6 2. c4 e5 3. Nc3 exd4 4. Qxd4 Nc6 5. Qe3+ Be7 6. g3 0-0 7. Bg2 Re8 8. Qd2 Bc5 9. e3 d6 10. a3 a5 11. Nf3 a4 12. 0-0 Bf5 13. Nd4 Bxd4 14. exd4 Na5 15. Ra2 Nxc4 16. Qd1 d5 17. Nxa4 b6 18. Nc3 c6 19. b3 Nd6 20. f3 Qd7 21. a4 h6 22. Rff2 Re7 23. Rfe2 Rae8 24. Rxe7 Rxe7 25. Re2 Qe8 26. Rxe7 Qxe7 27. Ba3 Qe3+ 28. Kh1 Qxc3 29. Bxd6 Bc2 30. Qc1 Qxd4 31. Qxc2 Qa1+ 0-1

[Event "Tatry op"]
[Site "Tatranske Zruby"]
[Date "2012.09.28"]
[Round "7"]
[White "Gombar, Peter"]
[Black "Marko, Jan"]
[Result "1/2-1/2"]
[WhiteElo "1983"]
[BlackElo "1761"]
[PlyCount "55"]
[EventDate "2012.09.23"]
[EventType "swiss"]
[EventRounds "9"]
[EventCountry "SVK"]
[SourceTitle "EXT 2023"]
[Source "ChessBase"]
[SourceDate "2022.10.05"]
[SourceVersion "1"]
[SourceVersionDate "2022.10.05"]
[SourceQuality "1"]

1. e4 e5 2. Nf3 Nc6 3. Bc4 Nf6 4. d3 h6 5. c3 Be7 6. 0-0 0-0 7. Re1 d6 8. h3 a6 9. b4 Be6 10. Nbd2 Bxc4 11. Nxc4 Nh7 12. Ne3 Ng5 13. Nf5 Nxf3+ 14. Qxf3 Bg5 15. Qg3 Qf6 16. h4 Bxc1 17. Raxc1 Kh7 18. Rf1 Ne7 19. Nxe7 Qxe7 20. f4 exf4 21. Rxf4 Rae8 22. Rcf1 Qd7 23. Rg4 f6 24. Rf5 Re5 25. d4 Rxf5 26. exf5 Re8 27. Rf4 Qf7 28. Kh2 1/2-1/2

[Event "Tatry op"]
[Site "Tatranske Zruby"]
[Date "2012.09.26"]
[Round "5"]
[White "Marko, Jan"]
[Black "Kebis, Milos"]
[Result "0-1"]
[WhiteElo "1761"]
[BlackElo "2002"]
[PlyCount "78"]
[EventDate "2012.09.23"]
[EventType "swiss"]
[EventRounds "9"]
[EventCountry "SVK"]
[SourceTitle "CBM 150 Extra"]
[Source "ChessBase"]
[SourceDate "2012.10.19"]
[SourceVersion "1"]
[SourceVersionDate "2012.10.19"]
[SourceQuality "1"]

1. d4 Nf6 2. c4 e6 3. Nc3 d5 4. e3 c6 5. Nf3 Bd6 6. b3 Nbd7 7. Be2 0-0 8. 0-0 b6 9. Bb2 dxc4 10. Bxc4 Bb7 11. Be2 Qe7 12. h3 Rfd8 13. Qc2 Rac8 14. Ne4 Bb8 15. Nxf6+ Nxf6 16. Rac1 h6 17. Rfd1 Nd5 18. Qb1 Qd6 19. g3 Nxe3 20. Rd3 Nf5 21. Ne5 Ba6 22. Nc4 Qe7 23. Ba3 c5 24. dxc5 bxc5 25. Bf1 Rxd3 26. Qxd3 Qg5 27. Qd2 Qf6 28. Bb2 Nd4 29. Bxd4 cxd4 30. Qa5 Bb7 31. Bg2 Bxg2 32. Kxg2 e5 33. Re1 Qc6+ 34. Kg1 e4 35. Qf5 Re8 36. Nd2 e3 37. Nf3 g6 38. Nxd4 Qc3 39. Qf3 Qxe1+ 0-1

[Event "Tatry op"]
[Site "Tatranske Zruby"]
[Date "2010.10.03"]
[Round "2"]
[White "Davidovic, Miroslav"]
[Black "Marko, Jan"]
[Result "1-0"]
[WhiteElo "1947"]
[BlackElo "1843"]
[PlyCount "91"]
[EventDate "2010.10.02"]
[EventType "swiss"]
[EventRounds "9"]
[EventCountry "SVK"]
[SourceTitle "CBM 138 Extra"]
[Source "ChessBase"]
[SourceDate "2010.10.29"]
[SourceVersion "1"]
[SourceVersionDate "2010.10.29"]
[SourceQuality "1"]

1. e4 c5 2. Nc3 d6 3. Nge2 e5 4. d3 Nf6 5. Ng3 h6 6. Be2 Nc6 7. Be3 Nd4 8. 0-0 Be7 9. Qd2 Nxe2+ 10. Ncxe2 Ng4 11. Kh1 Be6 12. f4 Nxe3 13. Qxe3 Qb6 14. Nf5 Bxf5 15. exf5 Bf6 16. fxe5 dxe5 17. Nc3 Qc6 18. Qe4 Qxe4 19. Nxe4 b6 20. Rae1 Rd8 21. b3 Ke7 22. a4 h5 23. g3 Rd5 24. h3 a5 25. Kg2 Rd4 26. Re2 Re8 27. g4 hxg4 28. hxg4 Kd7 29. Rh1 Rxe4 30. Rxe4 Kd6 31. Kf3 Bg5 32. Rh5 f6 33. Rh1 Bd2 34. Rd1 Bg5 35. d4 cxd4 36. Rdxd4+ Kc6 37. Rc4+ Kb7 38. Rc3 Re7 39. Rec4 Rd7 40. Rd3 Re7 41. Ke4 Bc1 42. Rd5 Bg5 43. Rd8 Bh6 44. Kd5 Rf7 45. Rcc8 Rc7 46. Rb8+ 1-0

[Event "SVK-ch Seniors-A"]
[Site "Tatranske Matliare"]
[Date "2010.06.06"]
[Round "1"]
[White "Marko, Jan"]
[Black "Mesiarik, Rudolf"]
[Result "0-1"]
[WhiteElo "1861"]
[BlackElo "2159"]
[PlyCount "112"]
[EventDate "2010.06.06"]
[EventType "swiss"]
[EventRounds "9"]
[EventCountry "SVK"]
[SourceTitle "EXT 2023"]
[Source "ChessBase"]
[SourceDate "2022.10.05"]
[SourceVersion "1"]
[SourceVersionDate "2022.10.05"]
[SourceQuality "1"]

1. d4 Nf6 2. c4 c5 3. Nf3 e6 4. g3 cxd4 5. Nxd4 Qc7 6. b3 a6 7. Bg2 Bb4+ 8. Bd2 Be7 9. 0-0 0-0 10. Bc3 d6 11. Qc2 Nbd7 12. Rd1 Rb8 13. Nd2 Ne5 14. Qb2 Bd7 15. Rac1 Rfc8 16. Ne4 Ne8 17. Nf3 Ng6 18. Qd2 Bc6 19. Nd4 Bd7 20. Bb4 b6 21. Nf3 Rd8 22. Rc3 Bc6 23. Nd4 Ba8 24. Re3 Qc8 25. Bh3 f5 26. Nc3 Nc7 27. Bg2 Bxg2 28. Kxg2 e5 29. Nf3 a5 30. Ba3 b5 31. cxb5 Nxb5 32. Qd5+ Kh8 33. Nxb5 Qa6 34. Nc3 e4 35. Nxe4 fxe4 36. Rxe4 Bf6 37. h4 h6 38. Qf7 Kh7 39. h5 Nh8 40. Qe6 Rb5 41. Rd5 Rxd5 42. Qxd5 Qc8 43. Re6 Qc2 44. b4 Qc3 45. Qxa5 Nf7 46. Qf5+ Kg8 47. Re3 Qc6 48. Rd3 d5 49. Nd4 Qc4 50. Ne6 Re8 51. Rxd5 Qxa2 52. Ra5 Qxe6 53. Qxe6 Rxe6 54. e3 Bd8 55. Ra8 Kh7 56. Rxd8 Nxd8 0-1

[Event "SVK-ch Seniors-A"]
[Site "Tatranske Matliare"]
[Date "2009.??.??"]
[Round "1"]
[White "Banas, Jan"]
[Black "Marko, Jan"]
[Result "1-0"]
[WhiteElo "2370"]
[BlackElo "1864"]
[PlyCount "71"]
[EventDate "2009.05.31"]
[EventType "swiss"]
[EventRounds "9"]
[EventCountry "SVK"]
[SourceTitle "EXT 2023"]
[Source "ChessBase"]
[SourceDate "2022.10.05"]
[SourceVersion "1"]
[SourceVersionDate "2022.10.05"]
[SourceQuality "1"]

1. e4 e5 2. Nf3 Nc6 3. Bb5 a6 4. Ba4 Nf6 5. d3 b5 6. Bb3 d6 7. c3 Bb7 8. Nbd2 Be7 9. Nf1 0-0 10. Ng3 Re8 11. 0-0 h6 12. Nf5 Na5 13. Nxe7+ Qxe7 14. Bc2 c5 15. Nh4 Bc8 16. Qf3 Nh7 17. Nf5 Bxf5 18. Qxf5 Qf6 19. Qh5 g5 20. h4 Kg7 21. a4 Qg6 22. Qxg6+ Kxg6 23. hxg5 hxg5 24. g3 Nc6 25. Kg2 b4 26. Bb3 bxc3 27. bxc3 Ne7 28. a5 Nf6 29. f4 gxf4 30. gxf4 Nh7 31. f5+ Kg7 32. f6+ Nxf6 33. Bg5 Neg8 34. Ra2 Kg6 35. Bxf6 Nxf6 36. Raf2 1-0